000 00381nam a2200145Ia 4500
008 100122s9999 xx 000 0 und d
082 _b3815
_a823.08
100 _aGRETTON ANN
245 _aON THE VOLGA & OTHER STORIES
260 _bERNEST BENN LTD
_c1934
300 _a286
630 _aON THE VOLGA & OTHER STORIES
730 _aON THE VOLGA & OTHER STORIES
942 _cBOOK
999 _c442986
_d442983